Fabrication of Al-CNTs MMC by Induction melting with improved dispersion an dwetting of CNTs in Al matrix using a multifuncational flux / (Record no. 528014)
[ view plain ]
| 000 -LEADER | |
|---|---|
| fixed length control field | 00576nam a22001577a 4500 |
| 020 ## - INTERNATIONAL STANDARD BOOK NUMBER | |
| Qualifying information | Hard Cover. |
| 082 ## - DEWEY DECIMAL CLASSIFICATION NUMBER | |
| Classification number | 620.44 |
| 100 ## - MAIN ENTRY--PERSONAL NAME | |
| Personal name | Mansoor, Muhammad |
| 245 ## - TITLE STATEMENT | |
| Title | Fabrication of Al-CNTs MMC by Induction melting with improved dispersion an dwetting of CNTs in Al matrix using a multifuncational flux / |
| Statement of responsibility, etc. | Muhammad Mansoor. |
| 260 ## - PUBLICATION, DISTRIBUTION, ETC. | |
| Place of publication, distribution, etc. | Islamabad: |
| Name of publisher, distributor, etc. | SCME - NUST, |
| Date of publication, distribution, etc. | 2015. |
| 300 ## - PHYSICAL DESCRIPTION | |
| Extent | xviii, 171 p. : ill. ; |
| Dimensions | 30cm. |
| 942 ## - ADDED ENTRY ELEMENTS (KOHA) | |
| Source of classification or shelving scheme | |
| Koha item type | Thesis |
| 650 ## - SUBJECT ADDED ENTRY--TOPICAL TERM | |
| Topical term or geographic name entry element | Ph. D. Thesis |
| 700 ## - ADDED ENTRY--PERSONAL NAME | |
| Personal name | Dr. Muhammad Shahid. |
| 650 ## - SUBJECT ADDED ENTRY--TOPICAL TERM | |
| -- | 19288 |
| 700 ## - ADDED ENTRY--PERSONAL NAME | |
| -- | 16160 |
| Withdrawn status | Lost status | Source of classification or shelving scheme | Damaged status | Not for loan | Permanent Location | Current Location | Date acquired | Total Checkouts | Full call number | Barcode | Date last seen | Price effective from | Koha item type |
|---|---|---|---|---|---|---|---|---|---|---|---|---|---|
| Central Library (CL) | Central Library (CL) | 08/26/2019 | 620.44 | CL-T-3144 | 08/26/2019 | 08/26/2019 | Thesis |
